| 000 | 01139nam a2200241 i 4500 | ||
|---|---|---|---|
| 001 | 98405 | ||
| 003 | ES-MaACL | ||
| 005 | 20231224062926.0 | ||
| 007 | t| | ||
| 008 | 050819s1868 sp |||| | spa d | ||
| 080 | _a622(460)"18" | ||
| 100 | 1 |
_aBotella y de Hornos, Federico de, _d1822-1899 _930760 |
|
| 245 | 1 | 0 |
_aConsideraciones acerca de los establecimientos y minas del Estado / _cpor Federico de Botella. |
| 260 |
_aMadrid : _b[s.n.], _c1868 ( _fEstab. Tip. de J.M. Lapuente) |
||
| 300 |
_a25 p. ; _c28 cm. |
||
| 650 | 4 |
_aMinas- _zEspaña- _yS.XIX. _9149138 |
|
| 852 | 4 |
_aES-MaACL _jT-1292-F-4 _z- Donativo Bosch |
|
| 852 | 4 |
_aES-MaACL _jT-111-F-1 |
|
| 852 | 4 |
_aES-MaACL _jT-151-F-10 |
|
| 852 | 4 |
_aES-MaACL _jB-8926(3) _zEnc. en un vol. facticio, agrupado con el nombre en el lomo: España, geología, memorias y documentos varios 20 al 40 _z- Legado de Federico de Botella y de Hornos |
|
| 852 | 4 |
_aES-MaACL _jL-32448(10) _z- Enc. cart. _z- Enc. en un vol. facticio, con tít. en el lomo de: España, geología: memorias varias, 1 _z- Legado Federico de Botella y de Hornos |
|
| 999 |
_c98405 _d98405 |
||